000 00649nam a2200217 a 4500
005 20240614093640.0
008 240614t2017 enk||||| |||| 00| 0 eng d
020 0 0 _a9781472139955
040 _aAKMAL
082 0 0 _a158.1 DWE
090 0 0 _a158.1
_bDWE
245 1 0 _aMindset:
_bChanging the way you think to fulfil your potential /
_cDr. Carol S. Dweck
260 0 0 _aLondon :
_bRobinson,
_c2017
300 _axi, 301p. :
_bill.;
_c19cm
500 0 0 _aIncludes index
504 0 0 _aIncludes bibliographic reference
650 0 0 _aSuccess
_92
650 0 0 _aSelf confidence
_91057
650 0 0 _aSelf actualization (Psychology)
_91127
942 _2ddc
_cBOOK
999 _c5009
_d5009